PRACTICAL PARALLEL PROGRAMMING (Record no. 23190)
[ view plain ]
| 000 -LEADER | |
|---|---|
| fixed length control field | 00251nam a22001217a 4500 |
| 020 ## - INTERNATIONAL STANDARD BOOK NUMBER | |
| International Standard Book Number | 8120313607 |
| 082 ## - DEWEY DECIMAL CLASSIFICATION NUMBER | |
| Classification number | 005.2 |
| 100 ## - MAIN ENTRY--PERSONAL NAME | |
| Personal name | Gregory v. wilson |
| 245 ## - TITLE STATEMENT | |
| Title | PRACTICAL PARALLEL PROGRAMMING |
| 260 ## - PUBLICATION, DISTRIBUTION, ETC. | |
| Place of publication, distribution, etc. | INDIA |
| Name of publisher, distributor, etc. | PHI |
| Date of publication, distribution, etc. | 1995 |
| 300 ## - PHYSICAL DESCRIPTION | |
| Extent | 564 |
| 942 ## - ADDED ENTRY ELEMENTS (KOHA) | |
| Koha item type | Book |
| Withdrawn status | Lost status | Damaged status | Not for loan | Permanent Location | Current Location | Shelving location | Date acquired | Full call number | Barcode | Date last seen | Price effective from | Koha item type |
|---|---|---|---|---|---|---|---|---|---|---|---|---|
| NUST Baluchistan Campus (NBC) | NUST Baluchistan Campus (NBC) | General Stacks | 03/05/2013 | 005.2 | RCMS001495 | 03/05/2013 | 01/05/2017 | Book | ||||
| NUST Baluchistan Campus (NBC) | NUST Baluchistan Campus (NBC) | 04/08/2013 | 005.2 | RCMS001496 | 04/08/2013 | 04/08/2013 | Book |
